| 000 | 00402nab a2200145Ia 4500 | ||
|---|---|---|---|
| 003 | ES-SlBCS | ||
| 005 | 20210601124258.0 | ||
| 008 | 140529s1953 xxu||||| |||| 00| 0 eng d | ||
| 041 | _aeng | ||
| 100 | 1 |
_aMondor, Bruno _9138986 |
|
| 245 | 0 | 0 |
_aTo Teach or not to Teach? _c Bruno Mondor |
| 650 | 0 | 4 |
_aEnseñar _9138987 |
| 773 | 0 |
_tDominicana _gvol. 38, nº. 3, 1953, págs. 212-222 _wRev1398 |
|
| 942 | _cAR | ||
| 999 |
_c512202 _d512202 |
||